000
00228 a2200097 4500
001
29720
100
_a
Quddus
245
_a
Education and National Reconstruction of Pakistan
260
_a
_b
Ripson
_c
1979
090
_c
19739
_d
19739
942
_a
NUST-CAE
_c
M
_c
10823
999
_c
264793
_d
264793